| 000 | 00666nam a22002057a 4500 | ||
|---|---|---|---|
| 005 | 20161206101154.0 | ||
| 010 | _aENG-116302 | ||
| 020 |
_a9789350357576 _c365.00 |
||
| 035 | _aEN-99834 | ||
| 037 | _bDBAD/PUB | ||
| 082 | _a344.54046 | ||
| 100 | _aNawneet Vibhaw | ||
| 245 |
_aEnviromental law an introduction / _cby Nawneet Vibhaw ; foreword by Swatanter Kumar |
||
| 260 |
_aGurgaon _bLexisNexis _c2016 |
||
| 270 |
_a14th Floor, Building No.10, Tower-B, DLF Cyber City, Phase-II _bGurgaon (Haryana) _e122002 |
||
| 300 |
_axxx,342p. _c24cm(pbk) |
||
| 500 | _aIncludes index | ||
| 700 | _aSwatanter Kumar | ||
| 942 |
_2ddc _cEN _mNAW _h344.54046 |
||
| 999 |
_c104244 _d104244 |
||